LEADER 00857nam0-2200301---450- 001 990008677800403321 005 20080624131136.0 035 $a000867780 035 $aFED01000867780 035 $a(Aleph)000867780FED01 035 $a000867780 100 $a20080624d1931----km-y0itay50------ba 101 0 $aita 102 $aIT 105 $ay-------001yy 200 1 $aColtura asciutta della medica$fEnrico Pantanelli 210 $aBari$cStazione agraria sperimentale di Bari$d1931 300 $aEstr. da: La propaganda agricola, n. 23-24, 1931 610 0 $aPiante foraggere 676 $a633.3 700 1$aPantanelli,$bEnrico$069453 801 0$aIT$bUNINA$gRICA$2UNIMARC 901 $aBK 912 $a990008677800403321 952 $a60 MISC. B 157/11$fFAGBC 959 $aFAGBC 996 $aColtura asciutta della medica$9365192 997 $aUNINA LEADER 01029nam0-22003371i-450- 001 990003284550403321 005 20100226122918.0 035 $a000328455 035 $aFED01000328455 035 $a(Aleph)000328455FED01 035 $a000328455 100 $a20030910d1968----km-y0itay50------ba 101 0 $afre 102 $aFR 105 $ay-------001yy 200 1 $a<>enseignement de la Géographie au niveau universitaire$fJ. Tricart 210 $aParis$cColin-Bourellier$d1968 215 $a91 p.$d24 cm 225 1 $a<>Éducation en Europe$iSérie 1.$eenseignement supérieur et recherche$v6 610 0 $aGeografia Didattica 676 $a042.001 700 1$aTricart,$bJean$f<1920-2003>$032927 801 0$aIT$bUNINA$gRICA$2UNIMARC 901 $aBK 912 $a990003284550403321 952 $aMisc.T-0029$bIst. 9330$fILFGE 952 $a042.001.TRI$b530-656$fDECGE 959 $aDECGE 959 $aILFGE 996 $aEnseignement de la géographie au niveau universitaire$9155160 997 $aUNINA LEADER 02379nam0 2200445 i 450 001 VAN0114031 005 20230706103551.412 017 70$2N$a9788876425592 100 $a20180124d2015 |0itac50 ba 101 $aeng 102 $aIT 105 $a|||| ||||| 200 1 $aRigid germs, the valuative tree, and applications to Kato varieties$fMatteo Ruggiero 210 $aPisa$cEdizioni della Normale$d2015 215 $aXXVI, 173 p.$cill.$d24 cm 300 $aTesi di dottorato in Matematica 410 1$1001VAN0114029$12001 $aTheses$1210 $aPisa$cScuola Normale Superiore$v20 500 1$3VAN0235231$aRigid germs, the valuative tree, and applications to Kato varieties$91522909 606 $a30D05$xFunctional equations in the complex plane, iteration and composition of analytic functions of one complex variable [MSC 2020]$3VANC021188$2MF 606 $a32S25$xComplex surface and hypersurface singularities [MSC 2020]$3VANC021503$2MF 606 $a37F25$xRenormalization of holomorphic dynamical systems [MSC 2020]$3VANC021568$2MF 606 $a32H50$xIteration of holomorphic maps, fixed points of holomorphic maps and related problems for several complex variables [MSC 2020]$3VANC021632$2MF 606 $a14J17$xSingularities of surfaces or higher-dimensional varieties [MSC 2020]$3VANC023926$2MF 606 $a32-XX$xSeveral complex variables and analytic spaces [MSC 2020]$3VANC024999$2MF 610 $aCompact complex varieties$9KW:K 610 $aCompact non-Kaehler geometry$9KW:K 610 $aLocal holomorphic dynamics$9KW:K 610 $aNon-Archimedean dynamics$9KW:K 610 $aNormal forms$9KW:K 620 $dPisa$3VANL000008 700 1$aRuggiero$bMatteo$3VANV088124$0755730 712 $aEdizioni della Normale$3VANV109036$4650 801 $aIT$bSOL$c20240223$gRICA 856 4 $uhttp://dx.doi.org/10.1007/978-88-7642-559-2$zE-book ? Accesso al full-text attraverso riconoscimento IP di Ateneo, proxy e/o Shibboleth 899 $aBIBLIOTECA DEL DIPARTIMENTO DI MATEMATICA E FISICA$1IT-CE0120$2VAN08 912 $fN 912 $aVAN0114031 950 $aBIBLIOTECA DEL DIPARTIMENTO DI MATEMATICA E FISICA$d08CONS e-book 0415 $e08eMF415 20180124 996 $aRigid germs, the valuative tree, and applications to Kato varieties$91522909 997 $aUNICAMPANIA